Los tratados de libre comercio de Estados Unidos y de la Unin̤ Europea

Bibliographic Details
Main Author: Manero Salvador, Ana
Format: eBook
Language:Spanish
Published: Barcelona: J.M. Bosch Editor, 2018
Subjects:
Online Access:Acceso restringido

MARC

LEADER 00000nam a22000007a 4500
005 2019041202042.0
007 cr|||| ||||
008 190412s2018 es |||||s|||| 00||0 spa d
020 |a 978-84-948990-3-4 
035 |a 23031 
040 |a vLex 
090 |c 8615  |d 8615 
100 1 |a Manero Salvador, Ana 
245 1 3 |a Los tratados de libre comercio de Estados Unidos y de la Unin̤ Europea  |h [Recurso electrn̤ico] /  |c Ana Manero Salvador 
256 |a Servicio en ln̕ea 
260 |a Barcelona:  |b J.M. Bosch Editor,  |c 2018 
300 |a 1 recurso electrn̤ico 
506 1 |a Disponible solo en los productos indicados  |d vLex Global  |d vLex Global (Academic Edition, excluding Law Schools)  |d vLex Global (U.S. Academic Edition, Law Schools)  |d vLex Global (U.S. Academic Edition, excluding Law Schools)  |d vLex Global (Academic Edition, Law Schools) 
650 0 4 |a Derecho Comunitario  |z Espaą 
650 0 4 |a Derecho Internacional  |z Espaą 
740 0 |a vLex Libros (Servicio en ln̕ea) 
856 4 0 |u http://vlex.com/source/tratados-libre-comercio-estados-unidos-union-europea-23031  |z Acceso restringido 
942 |c BOOK 
999 0 |a Community Law 
999 0 |a International Law